000 00431 a2200169 4500
001 164519
020 _a85-16-01411-8
040 _cMagnum
100 _aCanto, Eduardo Leite do
240 1 0 _aMinerais, minérios, metais: de onde vem? para onde vão?
_lpor
245 1 0 _aMinerais, minérios, metais: de onde vem? para onde vão?
300 _a128
362 0 _a1998
440 1 _aModerna
697 _aQUÍMICA
942 _cBK
999 _c164519
_d164519